Miniaturas de Pomaire

Saved in:
Bibliografiske detaljer
Main Authors: Avalos Valderrama, Marcela (Author), Vergara García, Massiel (Author)
Format: Bog
Sprog:spansk
engelsk
Udgivet: Santiago Ocho Libros 2011
Udgivelse:1a. ed
Fag:
Tags: Tilføj Tag
Ingen Tags, Vær først til at tagge denne postø!

MARC

LEADER 00000cam a2200000 a 4500
001 UCF2689
003 CL-VaPUC
008 120830e20110000CL |||||||||||||||||spa|d
020 |a 9789563350937 
041 0 7 |a spa  |2 CL-VaPUC 
041 0 7 |a eng  |2 CL-VaPUC 
082 0 4 |a 666  |b AVA  |2 21 
100 0 |a Avalos Valderrama, Marcela  |e author  |9 564435 
700 0 |a Vergara García, Massiel  |e author  |9 564436 
245 1 0 |a Miniaturas de Pomaire 
246 1 0 |a Pomaire Miniatures 
250 |a 1a. ed 
300 |a 139 p 
942 |c BK 
945 |d 20120830 00:00:00  |a dcastane 
260 |a Santiago  |b Ocho Libros  |c 2011 
650 0 |a ceramica  |9 262882 
650 7 |a CERAMICA ARTISTICA  |2 CL-VaPUC  |9 564437 
650 0 |a Alfarería  |9 341805 
583 |a last modification  |c 20120830 10:25:00  |k Rodrigo Vera 
999 |c 349229  |d 349227 
952 |0 0  |1 0  |4 0  |6 666_000000000000000_AVA_2011  |7 0  |8 A  |9 451738  |a BIBING  |b BIBING  |d 2019-11-22  |i 4894855  |o 666 AVA 2011  |p 4894855  |r 2025-01-20  |w 2019-11-22  |y BK  |k CUI 
952 |0 0  |1 0  |3 erb  |4 0  |6 666_000000000000000_AVA_2011  |7 0  |8 A  |9 451739  |a BIBART  |b BIBART  |i 5075211  |o 666 AVA 2011  |p 5075211  |r 2025-03-13  |w 2019-11-22  |y BK  |z Catalogado en:20140526  |k ART